[Event "26. Copenhagen Open  (Politiken Cup)"]
[Site "Taastrup"]
[Date "2004.07.31"]
[Round "10"]
[White "Skovgaard, Tom"]
[Black "Moberg, Jan Rune"]
[Result "1-0"]
[WhiteElo "2079"]
[BlackElo "1525"]
[PlyCount "95"]
[EventDate "2004.07.24"]
[EventType "swiss"]
[EventRounds "10"]
[EventCountry "DEN"]
[SourceDate "2004.01.01"]

1. e4 e5 2. Nf3 d6 3. d4 Nd7 4. Bc4 c6 5. O-O Be7 6. c3 Ngf6 7. Nbd2 O-O 8. a4
a5 9. Re1 h6 10. Bd3 g6 11. Nf1 Kg7 12. Bb1 Rg8 13. h3 Nh7 14. N3h2 Bg5 15. Ne3
h5 16. b4 exd4 17. Qxd4+ Bf6 18. Qc4 axb4 19. Qxb4 Nc5 20. Ra3 Re8 21. Nc4 Ra6
22. Bf4 Be7 23. Nxd6 Bxd6 24. Qd4+ Kg8 25. Bxd6 Nxa4 26. Bc2 b5 27. Bxa4 Rxa4
28. Rxa4 bxa4 29. Ra1 Bd7 30. Bc5 Nf6 31. f3 Re6 32. Rxa4 Qb8 33. Ra7 Be8 34.
Nf1 h4 35. Qe3 Nh7 36. Qd2 Qe5 37. Bd4 Qd6 38. Qh6 Qf8 39. Qxh4 c5 40. Be3 Qd6
41. Qf2 Qd3 42. Bxc5 Qxc3 43. Bd4 Qc1 44. Bb2 Qc4 45. Ra8 Qb5 46. Qd4 Nf6 47.
Ne3 Qb6 48. Rxe8+ 1-0

[Event "26. Copenhagen Open  (Politiken Cup)"]
[Site "Taastrup"]
[Date "2004.07.31"]
[Round "10"]
[White "Soraas, Torben"]
[Black "Pedersen, Gunnar"]
[Result "0-1"]
[WhiteElo "2107"]
[BlackElo "2251"]
[PlyCount "63"]
[EventDate "2004.07.24"]
[EventType "swiss"]
[EventRounds "10"]
[EventCountry "DEN"]
[SourceDate "2004.01.01"]

1. e4 c5 2. Nc3 e6 3. g3 d5 4. exd5 exd5 5. Bg2 d4 6. Qe2+ Be7 7. Nd5 Nc6 8. d3
Be6 9. Nf4 Bd7 10. Nd5 Be6 11. Nf4 Bf5 12. Nd5 Qd7 13. h3 O-O-O 14. Bd2 Nf6 15.
Nxe7+ Nxe7 16. O-O-O Ned5 17. Qf3 Be6 18. g4 Qa4 19. a3 Rd6 20. Ne2 Rb6 21. g5
Ne8 22. Nf4 Nec7 23. Nxe6 fxe6 24. Qf7 Rd8 25. Bxd5 Nxd5 26. Qxg7 a5 27. Qxh7
Qb5 28. b3 a4 29. b4 cxb4 30. axb4 a3 31. Qg7 Nxb4 32. Bxb4 0-1

[Event "26. Copenhagen Open  (Politiken Cup)"]
[Site "Taastrup"]
[Date "2004.07.31"]
[Round "10"]
[White "Stolberg Rohr, Thomine"]
[Black "Erikstad, Olav"]
[Result "1-0"]
[WhiteElo "2043"]
[BlackElo "1503"]
[PlyCount "75"]
[EventDate "2004.07.24"]
[EventType "swiss"]
[EventRounds "10"]
[EventCountry "DEN"]
[SourceDate "2004.01.01"]

1. e4 c6 2. d4 d5 3. exd5 cxd5 4. c4 Nf6 5. Nc3 e6 6. cxd5 Nxd5 7. Nf3 Nc6 8.
Bd3 Be7 9. O-O O-O 10. a3 Bf6 11. Bc2 Nde7 12. Bg5 Bxg5 13. Nxg5 Nf5 14. Bxf5
Qxg5 15. Be4 e5 16. dxe5 Qxe5 17. Re1 Qg5 18. Re3 Be6 19. Rg3 Qh6 20. Qa4 Bd7
21. Nd5 Rac8 22. Re1 Rfe8 23. Qd1 Be6 24. Ne3 Red8 25. Qf3 Ne5 26. Qe2 Kf8 27.
Qb5 Nc6 28. Qxb7 Bd7 29. Qa6 Qf6 30. Rf3 Qxb2 31. Bxh7 Be6 32. Nd1 Ne5 33. Nxb2
Rc2 34. Qb5 g6 35. Qxe5 Rdd2 36. Qxe6 Kg7 37. Rxf7+ Kh6 38. Qxg6# 1-0

[Event "26. Copenhagen Open  (Politiken Cup)"]
[Site "Taastrup"]
[Date "2004.07.31"]
[Round "10"]
[White "Sondergaard, Bent Hvid"]
[Black "Kotiranta, Vinni"]
[Result "1-0"]
[WhiteElo "1488"]
[BlackElo "1150"]
[PlyCount "71"]
[EventDate "2004.07.24"]
[EventType "swiss"]
[EventRounds "10"]
[EventCountry "DEN"]
[SourceDate "2004.01.01"]

1. d4 Nf6 2. Nf3 g6 3. e3 Bg7 4. Bd3 b6 5. e4 Bb7 6. e5 Nd5 7. Be4 e6 8. c4 f5
9. exf6 Bxf6 10. cxd5 O-O 11. O-O Bxd5 12. Bxd5 exd5 13. Nc3 c6 14. Re1 g5 15.
h3 a6 16. Be3 Ra7 17. Qd2 d6 18. Bxg5 Bxg5 19. Nxg5 Rf5 20. Ne6 Qf6 21. Qe2 Re7
22. Rad1 Rxe6 23. Qxe6+ Qf7 24. Qe8+ Qf8 25. Qxf8+ Rxf8 26. Re6 b5 27. b4 a5
28. a3 axb4 29. axb4 Na6 30. Na2 Rf4 31. Rxd6 Re4 32. Kf1 c5 33. bxc5 Nc7 34.
Nc3 Re6 35. Rxe6 Nxe6 36. Nxd5 1-0

[Event "26. Copenhagen Open  (Politiken Cup)"]
[Site "Taastrup"]
[Date "2004.07.31"]
[Round "10"]
[White "Taksrud, Vidar"]
[Black "Gvein, Kenneth"]
[Result "0-1"]
[WhiteElo "1954"]
[BlackElo "2102"]
[PlyCount "128"]
[EventDate "2004.07.24"]
[EventType "swiss"]
[EventRounds "10"]
[EventCountry "DEN"]
[SourceDate "2004.01.01"]

1. d4 d5 2. Nf3 Nf6 3. g3 c6 4. Bg2 a6 5. O-O g6 6. Nbd2 Bg7 7. c3 O-O 8. Re1
Nbd7 9. e4 dxe4 10. Nxe4 Nxe4 11. Rxe4 Nf6 12. Re1 Nd5 13. Qb3 h6 14. a4 a5 15.
Ne5 e6 16. Bd2 Kh7 17. Rad1 f6 18. Nd3 Re8 19. c4 Qb6 20. Qc2 Nb4 21. Bxb4 axb4
22. b3 e5 23. c5 Qa5 24. dxe5 f5 25. f4 Be6 26. h4 Bf8 27. Kh2 Rad8 28. Rc1 Rd4
29. Nf2 Red8 30. Red1 Bxc5 31. h5 Rxd1 32. Nxd1 gxh5 33. Nb2 Be7 34. Bf3 Qc5
35. Nc4 Qd4 36. Bxh5 Qd3 37. Be2 Qxc2 38. Rxc2 Rd4 39. Rd2 Bc5 40. Rxd4 Bxd4
41. Bd3 Kg8 42. Nd6 Bxb3 43. Nxf5 Bc5 44. a5 Ba2 45. Nxh6+ Kf8 46. Nf5 b3 47.
Bc4 Bb1 48. Bxb3 Bxf5 49. Ba4 Be4 50. g4 Bb4 51. a6 bxa6 52. f5 Bc3 53. e6 Ke7
54. Kg3 Bd2 55. Kh4 Kf6 56. Kh5 Bf3 57. Bc2 c5 58. Bd3 a5 59. Bb5 Bd1 60. Bd3
a4 61. Bb5 Bb3 62. e7 Kxe7 63. g5 a3 64. Kg6 Bxg5 0-1

[Event "26. Copenhagen Open  (Politiken Cup)"]
[Site "Taastrup"]
[Date "2004.07.31"]
[Round "10"]
[White "Thomassen, Joachim"]
[Black "Schmidt, Horst Hubert"]
[Result "1-0"]
[WhiteElo "1462"]
[BlackElo "1878"]
[PlyCount "75"]
[EventDate "2004.07.24"]
[EventType "swiss"]
[EventRounds "10"]
[EventCountry "DEN"]
[SourceDate "2004.01.01"]

1. c4 e5 2. g3 Nf6 3. Bg2 Be7 4. Nc3 Nc6 5. e3 d6 6. Nge2 O-O 7. O-O Bf5 8. d3
Qd7 9. Rb1 Bh3 10. b4 Rab8 11. Qa4 Bxg2 12. Kxg2 Qf5 13. e4 Qh5 14. f3 a6 15.
b5 Nd4 16. bxa6 bxa6 17. Rxb8 Rxb8 18. Qxa6 g5 19. h3 Ne6 20. Qa7 Rf8 21. Nd5
Bd8 22. a4 Qg6 23. g4 Nd7 24. Ng3 Ndc5 25. Nf5 Re8 26. Rd1 Kf8 27. a5 c6 28.
Nb4 Nb3 29. Be3 Nxa5 30. Ra1 c5 31. Nd5 Nc6 32. Qd7 Ncd4 33. Nxd6 Re7 34. Nxe7
Bxe7 35. Ra8+ Kg7 36. Qxe7 h6 37. Ne8+ Kh7 38. Nf6+ 1-0

[Event "26. Copenhagen Open  (Politiken Cup)"]
[Site "Taastrup"]
[Date "2004.07.31"]
[Round "10"]
[White "Thorgeirsson, Sverrir"]
[Black "Jacobsen, Hans Endrup"]
[Result "1/2-1/2"]
[WhiteElo "1360"]
[BlackElo "2102"]
[PlyCount "36"]
[EventDate "2004.07.24"]
[EventType "swiss"]
[EventRounds "10"]
[EventCountry "DEN"]
[SourceDate "2004.01.01"]

1. e4 c5 2. Nf3 d6 3. d4 cxd4 4. Nxd4 a6 5. g3 Nf6 6. Bg2 Qc7 7. Be3 e6 8. Nd2
Be7 9. O-O O-O 10. f4 Nc6 11. N2b3 e5 12. Nxc6 bxc6 13. Re1 Rd8 14. Kh1 Bb7 15.
c3 c5 16. Qc2 Bc6 17. fxe5 dxe5 18. Bxc5 Ba4 1/2-1/2

[Event "26. Copenhagen Open  (Politiken Cup)"]
[Site "Taastrup"]
[Date "2004.07.31"]
[Round "10"]
[White "Tidman, Sophie E"]
[Black "Ziska, Helgi Dam"]
[Result "1/2-1/2"]
[WhiteElo "2133"]
[BlackElo "1604"]
[PlyCount "74"]
[EventDate "2004.07.24"]
[EventType "swiss"]
[EventRounds "10"]
[EventCountry "DEN"]
[SourceDate "2004.01.01"]

1. e4 c5 2. Nf3 d6 3. d4 cxd4 4. Nxd4 Nf6 5. Nc3 a6 6. f4 e6 7. Qf3 Qb6 8. Nb3
Qc7 9. g4 b5 10. a3 Bb7 11. g5 Nfd7 12. Bd2 Be7 13. O-O-O Nc6 14. f5 Nde5 15.
Qh3 b4 16. axb4 Nxb4 17. Bg2 Qc4 18. Na5 Qc7 19. Nxb7 Qxb7 20. fxe6 Rb8 21.
exf7+ Kd8 22. Na4 Qc6 23. Bxb4 Rxb4 24. Nc3 Bxg5+ 25. Kb1 Qb6 26. b3 Rxb3+ 27.
cxb3 Qxb3+ 28. Ka1 Nc4 29. Rxd6+ Nxd6 30. e5 Qa3+ 31. Na2 Qxh3 32. Bxh3 Nxf7
33. Re1 Nxe5 34. Nb4 Bf6 35. Ka2 a5 36. Nd5 Nd3 37. Rb1 Nb4+ 1/2-1/2

[Event "26. Copenhagen Open  (Politiken Cup)"]
[Site "Taastrup"]
[Date "2004.07.31"]
[Round "10"]
[White "Tuomainen, Jari"]
[Black "Auchenberg, Per"]
[Result "0-1"]
[WhiteElo "1767"]
[BlackElo "2082"]
[PlyCount "98"]
[EventDate "2004.07.24"]
[EventType "swiss"]
[EventRounds "10"]
[EventCountry "DEN"]
[SourceDate "2004.01.01"]

1. d4 f5 2. c4 Nf6 3. g3 g6 4. Bg2 Bg7 5. Nf3 O-O 6. O-O d6 7. Nc3 Nc6 8. a3
Ne4 9. e3 Nxc3 10. bxc3 e5 11. a4 Na5 12. Nd2 c5 13. Bb2 Kh8 14. Ba3 exd4 15.
cxd4 cxd4 16. exd4 Be6 17. d5 Bf7 18. Rb1 Rc8 19. Qe2 b6 20. Qd3 Qd7 21. Rfe1
Kg8 22. Bb4 Nb7 23. Qa3 g5 24. Rbc1 Rfe8 25. Rxe8+ Rxe8 26. Nf3 h6 27. Bf1 f4
28. Bd2 Bh5 29. c5 Qf7 30. g4 Bxg4 31. c6 Nc5 32. Bb4 Qh5 33. Bg2 Bc8 34. Bxc5
bxc5 35. Qd3 g4 36. Nd2 f3 37. Bf1 Be5 38. h3 Re7 39. Ne4 Rg7 40. Ng3 Qh4 41.
Qe4 Re7 42. Qg6+ Kf8 43. Rb1 Bxg3 44. fxg3 Qxg3+ 45. Kh1 Qf4 46. hxg4 Rg7 47.
Qd3 Rxg4 48. Bh3 Rh4 49. Qg6 Rxh3+ 0-1

[Event "26. Copenhagen Open  (Politiken Cup)"]
[Site "Taastrup"]
[Date "2004.07.31"]
[Round "10"]
[White "Tuomisto, Keijo"]
[Black "Korolev, Nikolaj"]
[Result "0-1"]
[WhiteElo "1951"]
[BlackElo "2148"]
[PlyCount "90"]
[EventDate "2004.07.24"]
[EventType "swiss"]
[EventRounds "10"]
[EventCountry "DEN"]
[SourceDate "2004.01.01"]

1. e4 c5 2. Nc3 Nc6 3. g3 g6 4. Bg2 Bg7 5. d3 d6 6. Be3 Rb8 7. Qd2 b5 8. Nd1 e6
9. c3 Qa5 10. Ne2 Ba6 11. O-O b4 12. f4 Qb5 13. Nf2 Nge7 14. Rfe1 O-O 15. c4
Qb6 16. g4 Rfd8 17. Rac1 f5 18. Ng3 Bc8 19. exf5 exf5 20. gxf5 Nxf5 21. Nge4
Nh4 22. Bh1 h6 23. Nd1 Nd4 24. Qf2 Nhf5 25. Qg2 Kh7 26. h3 Rf8 27. Bd2 Qd8 28.
Rf1 Rb7 29. Ne3 Nxe3 30. Bxe3 Nf5 31. Bf2 Bxb2 32. Rce1 Bg7 33. Kh2 Qd7 34. Rg1
Qf7 35. Ref1 a5 36. Qf3 a4 37. Qd1 b3 38. axb3 Rxb3 39. Bf3 Bd7 40. Nd2 Rxd3
41. Qe2 Rc3 42. Bd5 Qe8 43. Be4 Rxh3+ 44. Kg2 Nh4+ 45. Bxh4 Rxh4 0-1

[Event "26. Copenhagen Open  (Politiken Cup)"]
[Site "Taastrup"]
[Date "2004.07.31"]
[Round "10"]
[White "Vedelfort, Tommy"]
[Black "Norton, Craig"]
[Result "0-1"]
[WhiteElo "1867"]
[BlackElo "2108"]
[PlyCount "116"]
[EventDate "2004.07.24"]
[EventType "swiss"]
[EventRounds "10"]
[EventCountry "DEN"]
[SourceDate "2004.01.01"]

1. d4 Nf6 2. Bg5 e6 3. Nd2 h6 4. Bf4 d5 5. e3 c5 6. c3 Nc6 7. Be2 Be7 8. Ngf3
Nh5 9. Bg3 Nxg3 10. hxg3 b6 11. Qc2 Bb7 12. O-O-O Qc7 13. Kb1 O-O-O 14. Rc1 Kb8
15. e4 Qd6 16. e5 Qd7 17. Bb5 a6 18. Bxc6 Qxc6 19. Nh2 Rc8 20. Qd3 Ka7 21. f4
a5 22. Nhf3 Ba6 23. Qe3 Qb5 24. g4 Rhd8 25. g3 Rd7 26. Nb3 a4 27. Na1 Rdc7 28.
Nc2 Qc4 29. Nd2 Qd3 30. Qxd3 Bxd3 31. Nf3 a3 32. Ka1 axb2+ 33. Kxb2 Be2 34.
Nce1 Kb7 35. g5 hxg5 36. Rh2 Bxf3 37. Nxf3 g4 38. Ne1 cxd4 39. Rhc2 Rxc3 40.
Rxc3 Rxc3 41. Rxc3 dxc3+ 42. Kxc3 Bc5 43. Nd3 g6 44. Kb3 Ka6 45. Ka4 b5+ 46.
Kb3 Kb6 47. a4 bxa4+ 48. Kxa4 Bg1 49. Nc1 Bf2 50. Ne2 Kc5 51. Kb3 d4 52. Kc2
Kc4 53. Kd2 Be3+ 54. Ke1 d3 55. f5 gxf5 56. Kf1 d2 57. Nc3 Kxc3 58. Kg2 d1=Q
0-1

[Event "26. Copenhagen Open  (Politiken Cup)"]
[Site "Taastrup"]
[Date "2004.07.31"]
[Round "10"]
[White "Vuilleumier, Alex"]
[Black "Peschardt, Soren"]
[Result "1-0"]
[WhiteElo "2259"]
[BlackElo "2200"]
[PlyCount "71"]
[EventDate "2004.07.24"]
[EventType "swiss"]
[EventRounds "10"]
[EventCountry "DEN"]
[SourceDate "2004.01.01"]

1. e4 c5 2. Nf3 Nc6 3. d4 cxd4 4. Nxd4 Nf6 5. Nc3 e5 6. Ndb5 d6 7. Bg5 a6 8.
Na3 b5 9. Nd5 Be7 10. Bxf6 Bxf6 11. c3 O-O 12. Nc2 Bg5 13. a4 bxa4 14. Rxa4 a5
15. Bc4 Kh8 16. O-O f5 17. exf5 Bxf5 18. Nce3 Be6 19. Qd3 Ra7 20. Rd1 Raf7 21.
f3 Bh6 22. Bb5 Na7 23. Bc4 Nc6 24. Kh1 Qg5 25. Nb6 Nd8 26. Nf1 Rf6 27. Ng3 Rg6
28. Rxa5 Nb7 29. Ra8 Rxa8 30. Nxa8 Qd8 31. Bxe6 Bf4 32. Bd5 Bxg3 33. Bxb7 Qh4
34. h3 Bf4 35. Qf5 Qd8 36. Qc8 1-0

[Event "26. Copenhagen Open  (Politiken Cup)"]
[Site "Taastrup"]
[Date "2004.07.31"]
[Round "10"]
[White "Vul, Arkadi Eremeevich"]
[Black "Svendsen, Mads Bilde"]
[Result "1-0"]
[WhiteElo "2438"]
[BlackElo "2151"]
[PlyCount "91"]
[EventDate "2004.07.24"]
[EventType "swiss"]
[EventRounds "10"]
[EventCountry "DEN"]
[SourceDate "2004.01.01"]

1. Nf3 g6 2. c4 Bg7 3. d4 Nf6 4. g3 O-O 5. Bg2 d5 6. O-O dxc4 7. Na3 Nc6 8.
Nxc4 Be6 9. b3 Bd5 10. Bb2 a5 11. Rc1 a4 12. bxa4 Ra6 13. Nfe5 Bxg2 14. Kxg2
Qa8 15. Nxc6 bxc6 16. Ba3 c5+ 17. Kg1 cxd4 18. Bxe7 Re8 19. Bxf6 Bxf6 20. a5
Qd5 21. Qd3 Rae6 22. Rc2 h5 23. f3 Kg7 24. e4 Qd7 25. Re1 h4 26. Rec1 Rh8 27.
Ne3 hxg3 28. hxg3 Qd6 29. Nf1 Qb4 30. a6 Qa5 31. Rc6 Qxa2 32. Rxe6 Qxe6 33.
Rxc7 Qb6 34. Rb7 Qc5 35. a7 Ra8 36. Qb3 d3+ 37. Kg2 Qc2+ 38. Qxc2 dxc2 39. Rc7
Rxa7 40. Rxc2 Bd4 41. f4 g5 42. Kf3 gxf4 43. gxf4 f6 44. Ng3 Kf7 45. Nf5 Rd7
46. Rd2 1-0

[Event "26. Copenhagen Open  (Politiken Cup)"]
[Site "Taastrup"]
[Date "2004.07.31"]
[Round "10"]
[White "Ziska, Andrias"]
[Black "Zyde, Fadmal"]
[Result "1-0"]
[WhiteElo "1804"]
[BlackElo "1522"]
[PlyCount "83"]
[EventDate "2004.07.24"]
[EventType "swiss"]
[EventRounds "10"]
[EventCountry "DEN"]
[SourceDate "2004.01.01"]

1. e4 e5 2. Nf3 d6 3. d4 exd4 4. Nxd4 Nf6 5. Nc3 Bd7 6. Be2 Be7 7. O-O Nc6 8.
Be3 Ne5 9. h3 Qc8 10. f4 Ng6 11. Qe1 c5 12. Nb3 Bc6 13. Bf3 b5 14. Rd1 O-O 15.
Qg3 Rd8 16. Na5 Bd7 17. e5 dxe5 18. fxe5 Ne8 19. Bxa8 Qxa8 20. Nd5 Bh4 21. Qh2
Be6 22. Nf4 Rxd1 23. Rxd1 Qe4 24. Bc1 Nxe5 25. Nxe6 fxe6 26. Kh1 Qe2 27. Qg1
Qxc2 28. Rf1 Nd3 29. Be3 Nd6 30. g3 Bf6 31. Qg2 Qxg2+ 32. Kxg2 Nf5 33. Kf3 Bxb2
34. Nc6 e5 35. g4 Nh4+ 36. Ke4 h6 37. Kxd3 c4+ 38. Kc2 c3 39. Bd2 Ng6 40. Bxc3
Bxc3 41. Kxc3 Kh7 42. Kb4 1-0

[Event "26. Copenhagen Open  (Politiken Cup)"]
[Site "Taastrup"]
[Date "2004.07.31"]
[Round "10"]
[White "Zyde, Furat"]
[Black "Laato, Tuomas"]
[Result "1-0"]
[WhiteElo "1069"]
[BlackElo "1394"]
[PlyCount "69"]
[EventDate "2004.07.24"]
[EventType "swiss"]
[EventRounds "10"]
[EventCountry "DEN"]
[SourceDate "2004.01.01"]

1. e4 e5 2. Nf3 Nc6 3. Bb5 a6 4. Ba4 Nf6 5. d3 b5 6. Bb3 Na5 7. Nxe5 Nxb3 8.
axb3 d6 9. Nf3 Bg4 10. Nc3 Nd7 11. h3 Bh5 12. Qe2 Bxf3 13. Qxf3 Ne5 14. Qe2 b4
15. Nd5 c6 16. Nxb4 a5 17. d4 axb4 18. Rxa8 Qxa8 19. dxe5 dxe5 20. O-O Be7 21.
Qe3 O-O 22. Qg3 Bf6 23. Bd2 c5 24. c3 Rd8 25. Qe3 h6 26. cxb4 Bg5 27. Qxc5 Rxd2
28. Qxe5 Bf6 29. Qf5 Rxb2 30. Rc1 Qf8 31. Rc8 Bd8 32. Qd5 Rb1+ 33. Kh2 Bc7+ 34.
Rxc7 Qb8 35. Qxf7+ 1-0